[Event "DVM U12 2024"]
[Site "Heidelberg GER"]
[Date "2024.12.27"]
[Round "2"]
[White "Borchert, Yuri"]
[Black "Birkoben, Georgi"]
[Result "1-0"]
[Termination "normal"]
[Board "5.4"]
[WhiteElo "1518"]
[BlackElo "1062"]
[WhiteClock "00:58:13"]
[BlackClock "01:17:51"]
[WhiteTeam "SC Borussia Lichtenberg"]
[BlackTeam "SC Turm Erfurt"]
[PlyCount "77"]
[WhiteFideId "34626468"]
[EventCountry "GER"]
[EventRounds "7"]
[EventType "team-swiss"]
[EventDate "2024.12.26"]

1. d4 {[%clk 01:30:58]} {[%emt 00:00:02]} d5 {[%clk 01:30:56]} {[%emt
00:00:05]} 2. Nf3 {[%clk 01:31:23]} {[%emt 00:00:05]} Nf6 {[%clk 01:31:17]}
{[%emt 00:00:08]} 3. e3 {[%clk 01:31:45]} {[%emt 00:00:09]} c5 {[%clk
01:31:20]} {[%emt 00:00:28]} 4. Bd3 {[%clk 01:31:41]} {[%emt 00:00:32]} Bg4
{[%clk 01:30:41]} {[%emt 00:01:10]} 5. c3 {[%clk 01:31:55]} {[%emt 00:00:16]}
Nbd7 {[%clk 01:30:58]} {[%emt 00:00:12]} 6. h3 {[%clk 01:31:41]} {[%emt
00:00:44]} Bxf3 {[%clk 01:29:41]} {[%emt 00:01:47]} 7. Qxf3 {[%clk 01:31:47]}
{[%emt 00:00:23]} e6 {[%clk 01:29:54]} {[%emt 00:00:18]} 8. Nd2 {[%clk
01:26:22]} {[%emt 00:05:55]} Bd6 {[%clk 01:28:24]} {[%emt 00:02:01]} 9. dxc5
{[%clk 01:25:00]} {[%emt 00:01:52]} Bxc5 {[%clk 01:27:57]} {[%emt 00:00:56]}
10. O-O {[%clk 01:23:55]} {[%emt 00:01:34]} O-O {[%clk 01:28:19]} {[%emt
00:00:08]} 11. e4 {[%clk 01:21:23]} {[%emt 00:03:02]} Ne5 {[%clk 01:26:54]}
{[%emt 00:01:55]} 12. Qg3 {[%clk 01:15:07]} {[%emt 00:06:45]} Nxd3 {[%clk
01:26:32]} {[%emt 00:00:54]} 13. Qxd3 {[%clk 01:15:18]} {[%emt 00:00:17]} dxe4
{[%clk 01:26:41]} {[%emt 00:00:22]} 14. Qxd8 {[%clk 01:06:31]} {[%emt
00:09:17]} Rfxd8 {[%clk 01:25:56]} {[%emt 00:01:15]} 15. Re1 {[%emt 00:01:00]}
e3 {[%clk 01:24:22]} {[%emt 00:01:53]} 16. fxe3 {[%clk 01:06:25]} {[%emt
00:00:16]} Rac8 {[%clk 01:23:44]} {[%emt 00:01:08]} 17. Nb3 {[%clk 01:05:30]}
{[%emt 00:01:25]} Ne4 {[%clk 01:21:23]} {[%emt 00:02:51]} 18. Nd4 {[%clk
00:57:15]} {[%emt 00:08:45]} e5 {[%clk 01:19:51]} {[%emt 00:02:02]} 19. Nf5
{[%clk 00:56:26]} {[%emt 00:01:17]} h6 {[%clk 01:17:10]} {[%emt 00:03:12]} 20.
b4 {[%clk 00:56:40]} {[%emt 00:00:16]} Bb6 {[%clk 01:15:53]} {[%emt 00:01:46]}
21. Ne7+ {[%clk 00:56:57]} {[%emt 00:00:12]} Kh8 {[%clk 01:15:26]} {[%emt
00:00:58]} 22. Nxc8 {[%clk 00:57:14]} {[%emt 00:00:13]} Rxc8 {[%clk 01:15:53]}
{[%emt 00:00:01]} 23. Bb2 {[%clk 00:55:58]} {[%emt 00:01:48]} Nxc3 {[%clk
01:15:52]} {[%emt 00:00:32]} 24. Rac1 {[%clk 00:56:08]} {[%emt 00:00:18]} Nxa2
{[%clk 01:15:43]} {[%emt 00:00:42]} 25. Rxc8+ {[%clk 00:56:27]} {[%emt
00:00:10]} Kh7 {[%clk 01:15:59]} {[%emt 00:00:14]} 26. Bxe5 {[%clk 00:55:16]}
{[%emt 00:01:39]} Nxb4 {[%clk 01:16:19]} {[%emt 00:00:10]} 27. Bd4 {[%clk
00:55:20]} {[%emt 00:00:24]} Bxd4 {[%clk 01:15:17]} {[%emt 00:01:36]} 28. exd4
{[%clk 00:55:30]} {[%emt 00:00:19]} Nd3 {[%clk 01:15:38]} {[%emt 00:00:10]} 29.
Rd1 {[%clk 00:55:49]} {[%emt 00:00:10]} Nf4 {[%clk 01:15:51]} {[%emt 00:00:19]}
30. d5 {[%clk 00:55:59]} {[%emt 00:00:19]} Nxd5 {[%clk 01:15:51]} {[%emt
00:00:30]} 31. Rxd5 {[%clk 00:56:23]} {[%emt 00:00:06]} a6 {[%clk 01:16:03]}
{[%emt 00:00:18]} 32. Rb8 {[%clk 00:56:37]} {[%emt 00:00:16]} b5 {[%clk
01:16:24]} {[%emt 00:00:08]} 33. h4 {[%clk 00:56:53]} {[%emt 00:00:15]} a5
{[%clk 01:16:13]} {[%emt 00:00:42]} 34. Rdxb5 {[%clk 00:57:13]} {[%emt
00:00:09]} a4 {[%clk 01:16:37]} {[%emt 00:00:06]} 35. Ra5 {[%clk 00:57:33]}
{[%emt 00:00:10]} a3 {[%clk 01:16:44]} {[%emt 00:00:23]} 36. Rxa3 {[%clk
00:57:57]} {[%emt 00:00:05]} f6 {[%clk 01:17:06]} {[%emt 00:00:08]} 37. h5
{[%clk 00:58:03]} {[%emt 00:00:25]} f5 {[%clk 01:17:30]} {[%emt 00:00:06]} 38.
g3 {[%clk 00:58:19]} {[%emt 00:00:14]} g5 {[%clk 01:17:51]} {[%emt 00:00:09]}
39. Ra7# {[%clk 00:58:13]} {[%emt 00:00:05]} 1-0

[Event "DVM U12 2024"]
[Site "Heidelberg GER"]
[Date "2024.12.27"]
[Round "2"]
[White "Kraus, Linus"]
[Black "Heins, Simon"]
[Result "1-0"]
[Termination "normal"]
[Board "6.1"]
[WhiteElo "1803"]
[BlackElo "1708"]
[WhiteClock "00:49:49"]
[BlackClock "00:12:12"]
[WhiteTeam "SK Turm Schiefbahn 1931"]
[BlackTeam "Hamburger SK 1830"]
[PlyCount "69"]
[WhiteFideId "34629629"]
[BlackFideId "34660194"]
[EventCountry "GER"]
[EventRounds "7"]
[EventType "team-swiss"]
[EventDate "2024.12.26"]

1. Nf3 {[%clk 01:30:59]} d5 {[%clk 01:30:48]} {[%emt 00:00:12]} 2. g3 {[%clk
01:31:10]} {[%emt 00:00:19]} c6 {[%clk 01:31:13]} {[%emt 00:00:06]} 3. Bg2
{[%clk 01:31:20]} {[%emt 00:00:19]} e6 {[%clk 01:31:34]} {[%emt 00:00:08]} 4.
d4 {[%clk 01:31:27]} {[%emt 00:00:22]} Bd6 {[%clk 01:31:59]} {[%emt 00:00:06]}
5. c4 {[%clk 01:30:44]} {[%emt 00:01:13]} Nd7 {[%clk 01:32:19]} {[%emt
00:00:10]} 6. Qc2 {[%clk 01:30:18]} {[%emt 00:00:55]} f5 {[%clk 01:32:35]}
{[%emt 00:00:14]} 7. O-O {[%clk 01:29:16]} {[%emt 00:01:32]} Ngf6 {[%clk
01:32:40]} {[%emt 00:00:26]} 8. b3 {[%clk 01:29:19]} {[%emt 00:00:28]} O-O
{[%clk 01:33:01]} {[%emt 00:00:08]} 9. Ba3 {[%clk 01:28:56]} {[%emt 00:00:52]}
Bxa3 {[%clk 01:32:39]} {[%emt 00:00:52]} 10. Nxa3 {[%clk 01:28:51]} {[%emt
00:00:35]} Qe7 {[%clk 01:32:33]} {[%emt 00:00:36]} 11. Qb2 {[%clk 01:28:05]}
{[%emt 00:01:16]} Ne4 {[%clk 01:32:25]} {[%emt 00:00:38]} 12. Nc2 {[%clk
01:26:05]} {[%emt 00:02:31]} b6 {[%clk 01:32:07]} {[%emt 00:00:48]} 13. cxd5
{[%clk 01:24:54]} {[%emt 00:01:41]} exd5 {[%clk 01:30:45]} {[%emt 00:01:51]}
14. Nce1 {[%clk 01:24:12]} {[%emt 00:01:13]} Ba6 {[%clk 01:29:27]} {[%emt
00:01:49]} 15. Nd3 {[%clk 01:17:03]} {[%emt 00:07:39]} Bxd3 {[%clk 01:25:25]}
{[%emt 00:04:32]} 16. exd3 {[%clk 01:17:18]} {[%emt 00:00:14]} Nef6 {[%clk
01:21:46]} {[%emt 00:04:09]} 17. Rfe1 {[%clk 01:12:07]} {[%emt 00:05:42]} Qd6
{[%clk 01:20:20]} {[%emt 00:01:56]} 18. Ne5 {[%clk 01:11:22]} {[%emt 00:01:15]}
Rae8 {[%clk 01:18:11]} {[%emt 00:02:38]} 19. Rac1 {[%clk 01:10:37]} {[%emt
00:01:16]} c5 {[%clk 01:17:33]} {[%emt 00:01:07]} 20. Nxd7 {[%clk 01:10:17]}
{[%emt 00:00:50]} Nxd7 {[%clk 01:17:30]} {[%emt 00:00:33]} 21. dxc5 {[%clk
01:10:23]} {[%emt 00:00:25]} bxc5 {[%clk 01:08:26]} {[%emt 00:09:34]} 22. d4
{[%clk 01:05:45]} {[%emt 00:05:08]} Rxe1+ {[%clk 01:01:43]} {[%emt 00:07:12]}
23. Rxe1 {[%clk 01:05:52]} {[%emt 00:00:24]} Nf6 {[%clk 01:01:23]} {[%emt
00:00:49]} 24. Qa3 {[%clk 01:01:36]} {[%emt 00:04:47]} Rf7 {[%clk 00:48:38]}
{[%emt 00:13:15]} 25. Qxc5 {[%clk 00:59:05]} {[%emt 00:03:02]} Qxc5 {[%clk
00:36:52]} {[%emt 00:12:15]} 26. dxc5 {[%clk 00:59:14]} {[%emt 00:00:23]} Rc7
{[%clk 00:34:11]} {[%emt 00:03:10]} 27. b4 {[%clk 00:58:26]} {[%emt 00:01:18]}
a5 {[%clk 00:26:49]} {[%emt 00:07:51]} 28. a3 {[%clk 00:58:38]} {[%emt
00:00:19]} axb4 {[%clk 00:25:55]} {[%emt 00:01:24]} 29. axb4 {[%clk 00:58:59]}
{[%emt 00:00:10]} Kf8 {[%clk 00:23:28]} {[%emt 00:02:55]} 30. Rc1 {[%clk
00:49:05]} {[%emt 00:10:26]} Ke7 {[%clk 00:19:13]} {[%emt 00:04:44]} 31. b5
{[%clk 00:48:46]} {[%emt 00:00:49]} Ne4 {[%clk 00:17:50]} {[%emt 00:01:51]} 32.
Bxe4 {[%clk 00:48:50]} {[%emt 00:00:28]} fxe4 {[%clk 00:17:46]} {[%emt
00:00:34]} 33. b6 {[%clk 00:49:05]} {[%emt 00:00:15]} Rb7 {[%clk 00:12:07]}
{[%emt 00:06:09]} 34. c6 {[%clk 00:49:27]} {[%emt 00:00:09]} Rxb6 {[%clk
00:12:12]} {[%emt 00:00:24]} 35. c7 {[%clk 00:49:49]} {[%emt 00:00:08]} 1-0

[Event "DVM U12 2024"]
[Site "Heidelberg GER"]
[Date "2024.12.27"]
[Round "2"]
[White "Menke, Raphael Wilhelm"]
[Black "Wingerath, Felix"]
[Result "1/2-1/2"]
[Termination "normal"]
[Board "6.2"]
[WhiteElo "1742"]
[BlackElo "1753"]
[WhiteClock "00:58:48"]
[BlackClock "01:01:47"]
[WhiteTeam "Hamburger SK 1830"]
[BlackTeam "SK Turm Schiefbahn 1931"]
[PlyCount "53"]
[WhiteFideId "34621008"]
[BlackFideId "34614834"]
[EventCountry "GER"]
[EventRounds "7"]
[EventType "team-swiss"]
[EventDate "2024.12.26"]

1. e4 {[%clk 01:30:59]} c5 {[%clk 01:30:54]} {[%emt 00:00:07]} 2. Nc3 {[%clk
01:31:23]} {[%emt 00:00:05]} d6 {[%clk 01:31:19]} {[%emt 00:00:06]} 3. g3
{[%clk 01:31:49]} {[%emt 00:00:04]} Nf6 {[%clk 01:31:13]} {[%emt 00:00:36]} 4.
Bg2 {[%clk 01:32:11]} {[%emt 00:00:07]} Nc6 {[%clk 01:31:35]} {[%emt 00:00:09]}
5. Nge2 {[%clk 01:32:35]} {[%emt 00:00:05]} g6 {[%clk 01:31:51]} {[%emt
00:00:14]} 6. O-O {[%clk 01:32:53]} {[%emt 00:00:11]} Bg7 {[%clk 01:32:02]}
{[%emt 00:00:20]} 7. d3 {[%clk 01:33:04]} {[%emt 00:00:19]} Bd7 {[%clk
01:32:15]} {[%emt 00:00:17]} 8. Nf4 {[%clk 01:29:20]} {[%emt 00:04:14]} O-O
{[%clk 01:31:48]} {[%emt 00:00:57]} 9. Nfd5 {[%clk 01:28:04]} {[%emt 00:01:45]}
Nxd5 {[%clk 01:31:48]} {[%emt 00:00:30]} 10. Nxd5 {[%clk 01:27:38]} {[%emt
00:00:56]} Qc8 {[%clk 01:29:48]} {[%emt 00:02:30]} 11. c3 {[%clk 01:27:08]}
{[%emt 00:01:00]} Bh3 {[%clk 01:29:05]} {[%emt 00:01:13]} 12. Be3 {[%clk
01:25:46]} {[%emt 00:01:50]} Bxg2 {[%clk 01:29:08]} {[%emt 00:00:29]} 13. Kxg2
{[%clk 01:26:08]} {[%emt 00:00:07]} Qd7 {[%clk 01:27:37]} {[%emt 00:02:00]} 14.
Re1 {[%clk 01:18:51]} {[%emt 00:07:48]} Rfe8 {[%clk 01:26:11]} {[%emt
00:01:57]} 15. Qc2 {[%clk 01:18:18]} {[%emt 00:01:01]} Rac8 {[%clk 01:24:41]}
{[%emt 00:02:01]} 16. Rac1 {[%clk 01:17:45]} {[%emt 00:01:03]} b6 {[%clk
01:21:56]} {[%emt 00:03:16]} 17. b3 {[%clk 01:12:48]} {[%emt 00:05:27]} e6
{[%clk 01:20:29]} {[%emt 00:01:57]} 18. Nf4 {[%clk 01:13:12]} {[%emt 00:00:07]}
d5 {[%clk 01:17:47]} {[%emt 00:03:12]} 19. Bd2 {[%clk 01:12:37]} {[%emt
00:01:03]} Rcd8 {[%clk 01:13:38]} {[%emt 00:04:40]} 20. Rcd1 {[%clk 01:10:58]}
{[%emt 00:02:08]} Rc8 {[%clk 01:10:23]} {[%emt 00:03:46]} 21. h4 {[%clk
01:04:09]} {[%emt 00:07:18]} h5 {[%clk 01:09:51]} {[%emt 00:01:03]} 22. Bc1
{[%clk 01:01:48]} {[%emt 00:02:50]} b5 {[%clk 01:07:35]} {[%emt 00:02:47]} 23.
Bb2 {[%clk 01:01:00]} {[%emt 00:01:18]} d4 {[%clk 01:07:26]} {[%emt 00:00:40]}
24. a3 {[%clk 00:59:11]} {[%emt 00:02:19]} b4 {[%clk 01:06:45]} {[%emt
00:01:11]} 25. c4 {[%clk 00:58:52]} {[%emt 00:00:49]} a5 {[%clk 01:04:46]}
{[%emt 00:02:30]} 26. a4 {[%clk 00:58:39]} {[%emt 00:00:42]} Ne5 {[%clk
01:01:47]} {[%emt 00:03:29]} 27. Bc1 {[%clk 00:58:48]} {[%emt 00:00:21]}
1/2-1/2

[Event "DVM U12 2024"]
[Site "Heidelberg GER"]
[Date "2024.12.27"]
[Round "2"]
[White "Atar, Semih Akif"]
[Black "Tuktamyshev, Timur"]
[Result "0-1"]
[Termination "normal"]
[Board "6.3"]
[WhiteElo "1624"]
[BlackElo "1531"]
[WhiteClock "00:44:16"]
[BlackClock "01:08:23"]
[WhiteTeam "SK Turm Schiefbahn 1931"]
[BlackTeam "Hamburger SK 1830"]
[PlyCount "46"]
[WhiteFideId "16283376"]
[BlackFideId "34637125"]
[EventCountry "GER"]
[EventRounds "7"]
[EventType "team-swiss"]
[EventDate "2024.12.26"]

1. c4 {[%clk 01:30:58]} {[%emt 00:00:02]} e5 {[%clk 01:30:59]} {[%emt
00:00:02]} 2. g3 {[%emt 00:00:13]} Nf6 {[%clk 01:31:06]} {[%emt 00:00:20]} 3.
Bg2 {[%clk 01:31:41]} {[%emt 00:00:06]} c6 {[%clk 01:31:31]} {[%emt 00:00:06]}
4. Nc3 {[%clk 01:31:08]} {[%emt 00:01:03]} d5 {[%clk 01:31:40]} {[%emt
00:00:22]} 5. cxd5 {[%clk 01:30:20]} {[%emt 00:01:18]} cxd5 {[%clk 01:32:00]}
{[%emt 00:00:09]} 6. d4 {[%clk 01:30:18]} {[%emt 00:00:31]} exd4 {[%clk
01:32:17]} {[%emt 00:00:14]} 7. Qxd4 {[%clk 01:30:28]} {[%emt 00:00:19]} Nc6
{[%clk 01:32:28]} {[%emt 00:00:20]} 8. Qd1 {[%clk 01:24:05]} {[%emt 00:06:53]}
Be7 {[%clk 01:27:33]} {[%emt 00:05:26]} 9. Bf4 {[%clk 01:23:59]} {[%emt
00:00:35]} O-O {[%clk 01:27:28]} {[%emt 00:00:35]} 10. Nxd5 {[%clk 01:21:45]}
{[%emt 00:02:44]} Nxd5 {[%clk 01:27:14]} {[%emt 00:00:44]} 11. Qxd5 {[%clk
01:19:27]} {[%emt 00:02:49]} Bb4+ {[%clk 01:21:02]} {[%emt 00:06:42]} 12. Kf1
{[%clk 01:14:38]} {[%emt 00:05:18]} Qb6 {[%clk 01:20:46]} {[%emt 00:00:47]} 13.
e3 {[%clk 00:50:54]} {[%emt 00:24:11]} Qa6+ {[%clk 01:16:12]} {[%emt 00:05:08]}
14. Ne2 {[%clk 00:51:07]} {[%emt 00:00:16]} Be6 {[%clk 01:16:12]} {[%emt
00:00:30]} 15. Qe4 {[%clk 00:48:26]} {[%emt 00:03:10]} Rad8 {[%clk 01:14:25]}
{[%emt 00:02:18]} 16. a3 {[%clk 00:45:36]} {[%emt 00:03:19]} Rd2 {[%clk
01:12:02]} {[%emt 00:02:53]} 17. Bf3 {[%clk 00:45:10]} {[%emt 00:00:56]} Bd5
{[%clk 01:11:05]} {[%emt 00:01:28]} 18. Qxd5 {[%clk 00:44:11]} {[%emt
00:01:29]} Rxd5 {[%clk 01:11:30]} {[%emt 00:00:06]} 19. Bxd5 {[%clk 00:44:33]}
{[%emt 00:00:07]} Rd8 {[%clk 01:10:54]} {[%emt 00:01:07]} 20. Rd1 {[%clk
00:44:10]} {[%emt 00:00:52]} Be7 {[%clk 01:10:34]} {[%emt 00:00:50]} 21. Bc7
{[%clk 00:44:19]} {[%emt 00:00:22]} Rc8 {[%clk 01:09:17]} {[%emt 00:01:47]} 22.
Bxc6 {[%clk 00:44:01]} {[%emt 00:00:48]} Qxc6 {[%clk 01:07:57]} {[%emt
00:01:50]} 23. Bf4 {[%clk 00:44:16]} {[%emt 00:00:13]} Qxh1+ {[%clk 01:08:23]}
{[%emt 00:00:05]} 0-1

[Event "DVM U12 2024"]
[Site "Heidelberg GER"]
[Date "2024.12.27"]
[Round "2"]
[White "Winklmann, Alexander"]
[Black "Meller, Nils"]
[Result "0-1"]
[Termination "normal"]
[Board "6.4"]
[WhiteElo "1593"]
[BlackElo "1024"]
[WhiteClock "00:16:18"]
[BlackClock "00:36:37"]
[WhiteTeam "Hamburger SK 1830"]
[BlackTeam "SK Turm Schiefbahn 1931"]
[PlyCount "74"]
[WhiteFideId "533001979"]
[BlackFideId "34644962"]
[EventCountry "GER"]
[EventRounds "7"]
[EventType "team-swiss"]
[EventDate "2024.12.26"]

1. e4 {[%clk 01:30:58]} {[%emt 00:00:02]} e5 {[%clk 01:30:50]} {[%emt
00:00:09]} 2. Nf3 {[%clk 01:31:25]} {[%emt 00:00:05]} Nc6 {[%clk 01:31:10]}
{[%emt 00:00:10]} 3. Bc4 {[%clk 01:31:51]} {[%emt 00:00:04]} Bc5 {[%clk
01:31:32]} {[%emt 00:00:08]} 4. Nc3 {[%clk 01:32:02]} {[%emt 00:00:19]} Nf6
{[%clk 01:31:49]} {[%emt 00:00:11]} 5. d3 {[%clk 01:32:16]} {[%emt 00:00:18]}
d6 {[%clk 01:31:43]} {[%emt 00:00:35]} 6. Bg5 {[%clk 01:32:40]} {[%emt
00:00:07]} h6 {[%clk 01:31:58]} {[%emt 00:00:14]} 7. Bh4 {[%clk 01:33:00]}
{[%emt 00:00:12]} g5 {[%clk 01:32:04]} {[%emt 00:00:22]} 8. Bg3 {[%clk
01:32:44]} {[%emt 00:00:48]} Bg4 {[%clk 01:31:41]} {[%emt 00:00:51]} 9. h3
{[%clk 01:32:50]} {[%emt 00:00:26]} Bh5 {[%clk 01:31:13]} {[%emt 00:00:57]} 10.
Na4 {[%clk 01:33:12]} {[%emt 00:00:08]} Bb6 {[%clk 01:30:11]} {[%emt 00:01:31]}
11. Nxb6 {[%clk 01:31:30]} {[%emt 00:02:13]} axb6 {[%clk 01:30:32]} {[%emt
00:00:10]} 12. c3 {[%clk 01:31:42]} {[%emt 00:00:18]} Qe7 {[%clk 01:27:56]}
{[%emt 00:03:04]} 13. h4 {[%clk 01:31:25]} {[%emt 00:00:48]} O-O-O {[%clk
01:23:27]} {[%emt 00:04:58]} 14. Qe2 {[%clk 01:27:45]} {[%emt 00:04:10]} Nd7
{[%clk 01:19:41]} {[%emt 00:04:15]} 15. b4 {[%clk 01:27:38]} {[%emt 00:00:40]}
Rdf8 {[%clk 01:16:45]} {[%emt 00:03:20]} 16. Qe3 {[%clk 01:26:27]} {[%emt
00:01:47]} f5 {[%clk 01:12:26]} {[%emt 00:04:43]} 17. exf5 {[%clk 01:16:35]}
{[%emt 00:10:28]} Rxf5 {[%emt 00:01:33]} 18. b5 {[%emt 00:01:08]} Na5 {[%clk
01:09:12]} {[%emt 00:01:01]} 19. Nd4 {[%clk 01:15:21]} {[%emt 00:01:46]} Rff8
{[%clk 01:06:36]} {[%emt 00:03:02]} 20. Bd5 {[%clk 01:08:46]} {[%emt 00:07:08]}
Nf6 {[%clk 01:04:53]} {[%emt 00:02:06]} 21. Bc4 {[%clk 00:52:38]} {[%emt
00:16:45]} Nxc4 {[%clk 00:57:20]} {[%emt 00:08:03]} 22. dxc4 {[%clk 00:53:01]}
{[%emt 00:00:07]} Qf7 {[%clk 00:54:22]} {[%emt 00:03:23]} 23. Ne2 {[%clk
00:52:11]} {[%emt 00:01:25]} Qxc4 {[%clk 00:49:36]} {[%emt 00:01:59]} 24. f3
{[%clk 00:52:35]} {[%emt 00:03:24]} Nd5 {[%clk 00:48:16]} {[%emt 00:01:34]} 25.
Qd2 {[%clk 00:51:40]} {[%emt 00:01:38]} Nf4 {[%clk 00:47:16]} {[%emt 00:01:29]}
26. Bxf4 {[%clk 00:49:30]} {[%emt 00:02:44]} gxf4 {[%clk 00:47:33]} {[%emt
00:00:12]} 27. Rb1 {[%clk 00:49:06]} {[%emt 00:00:55]} Rhg8 {[%clk 00:46:30]}
{[%emt 00:01:30]} 28. Rb4 {[%clk 00:48:57]} {[%emt 00:00:41]} Qe6 {[%clk
00:46:09]} {[%emt 00:00:47]} 29. Kf2 {[%clk 00:48:41]} {[%emt 00:00:50]} Bf7
{[%clk 00:44:48]} {[%emt 00:01:46]} 30. a4 {[%clk 00:47:03]} {[%emt 00:02:13]}
Rg7 {[%clk 00:42:04]} {[%emt 00:03:13]} 31. Kg1 {[%clk 00:27:20]} {[%emt
00:20:14]} Qg6 {[%clk 00:40:48]} {[%emt 00:01:42]} 32. Rh2 {[%clk 00:26:48]}
{[%emt 00:01:06]} Be6 {[%clk 00:39:32]} {[%emt 00:01:45]} 33. Nc1 {[%clk
00:23:56]} {[%emt 00:03:20]} Qh5 {[%clk 00:37:01]} {[%emt 00:03:01]} 34. Nb3
{[%clk 00:17:48]} {[%emt 00:06:40]} Qxf3 {[%clk 00:36:33]} {[%emt 00:00:57]}
35. Nc1 {[%clk 00:17:34]} {[%emt 00:00:44]} Qe3+ {[%clk 00:36:20]} {[%emt
00:00:41]} 36. Qxe3 {[%clk 00:17:25]} {[%emt 00:00:43]} fxe3 {[%clk 00:36:40]}
{[%emt 00:00:08]} 37. Re4 {[%clk 00:16:18]} {[%emt 00:01:39]} Rgf7 {[%clk
00:36:37]} {[%emt 00:00:31]} 0-1